000 00813nam a2200253 a 4500
001 30941
003 BD-RjUL
005 20211209051635.0
008 860101s1926 enk 000 0 eng d
035 _a(BD-RjUL)31028
040 _aDLC
_cABC
_dEQO
_dBD-RjUL
_beng
041 1 _aengger
082 _223
_a909.0974927
_bHEA 1926
100 1 _aHell, Joseph,
_d1875-1950.
_999071
245 1 4 _aThe Arab civilization /
_ctranslated from the German of Joseph Hell ; by S. Khuda Bukhsh.
250 _a[1st ed.]
260 _aCambridge :
_bW. Heffer,
_c1926.
300 _axvii, 128 p. ;
_c22 cm.
504 _a"Literature": p. 122-124 - Includes index.
650 0 _aCivilization, Arab.
_9225962
651 0 _aIslamic Empire
_xHistory.
_9225963
700 1 _aBukhsh, S. Khuda
_d1877-1931.
_9225964
942 _2ddc
_cRAR
999 _c30941
_d30941